000 004540000a22001690004500
003 MACL
005 20160110142820.0
008 160110b xxu||||| |||| 00| 0 eng d
040 _aMACL
_cMACL
041 _aEnglish
082 _a610.947/SIG
100 _aOlder, Julia
_931008
245 _aMedicine And Health in the Soviet Union
260 _bJaico Publishing House
_c1947
_aBombay
650 _aMedical Science
_931009
942 _cBK
_k610/947/Sig
_2ddc
999 _c34580
_d34580